LEADER 00978nam0-22003371i-450- 001 990007886700403321 005 20040518122733.0 010 $a88-8125-581-2 035 $a000788670 035 $aFED01000788670 035 $a(Aleph)000788670FED01 035 $a000788670 100 $a20040518d--------km-y0itay50------ba 101 0 $aita 102 $aIT 105 $aa---a---001yy 200 1 $aArchitettura in terra cruda$eil caso delle Marche$fMauro Saracco$gprefazione di Giuseppe Cruciani 210 $aFirenze$cAlinea$dc2002 215 $a206 p.$cill.$d24 cm 225 1 $aEsperienze e ricerche di restauro$v1 610 0 $aCostruzioni in terra cruda 676 $a693.2$v19 700 1$aSaracco,$bMauro$0283010 702 1$aCruciani,$bGiuseppe 801 0$aIT$bUNINA$gRICA$2UNIMARC 901 $aBK 912 $a990007886700403321 952 $aREST B 244$b12885$fFARBC 959 $aFARBC 996 $aArchitettura in terra cruda$9668682 997 $aUNINA LEADER 01121nam a22003014i 4500 001 991000645999707536 008 041122s2003 gw a b 001 0 eng d 020 $a3540015280 035 $ab13251739-39ule_inst 040 $aDip.to Fisica$beng 082 0 $a523.7$221 084 $aLC QB520 084 $a52.9.521 245 00$aLectures on solar physics /$cH.M. Antia, A. Bhatnagar, P. Ulmschneider, eds. 260 $aBerlin ;$aNew York :$bSpringer,$cc2003 300 $axi, 335 p. :$bill. ;$c25 cm 440 0$aLecture notes in physics,$x0075-8450 ;$v619 504 $aIncludes bibliographical references and index 651 0$aSun$vCongresses 700 1 $aAntia, H. M. 700 1 $aBhatnagar, A. 700 1 $aUlmschneider, Peter$eauthor$4http://id.loc.gov/vocabulary/relators/aut$067824 907 $a.b13251739$b21-09-06$c22-11-04 912 $a991000645999707536 945 $aLE006 52.9.52 ANT$g1$i2006000153416$lle006$op$pE69.95$q-$rl$s- $t0$u0$v0$w0$x0$y.i13945385$z22-11-04 996 $aLectures on solar physics$91460800 997 $aUNISALENTO 998 $ale006$b22-11-04$cm$da $e-$feng$ggw $h0$i0